Top 100 Tallest Buildings In The USA - Statistics

General Stats
  • This quiz has been taken 14 times
  • The average score is 11 of 100
Answer Stats
City And Height Built Building % Correct
NYC, 1,250 ft. 1931 Empire State Building
92%
NYC, 1,776 ft. 2014 One World Trade Center
92%
Chicago, 1,451 ft. 1974 Willis Tower
92%
NYC, 1,046 ft. 1930 Chrysler Building
75%
NYC, 1,550 ft. 2020 Central Park Tower
50%
NYC, 1,079 ft. 2018 3 World Trade Center
33%
NYC, 1,396 ft. 2015 432 Park Avenue
33%
NYC, 1,200 ft. 2009 Bank Of America Tower
33%
Los Angeles, 1,018 ft. 1989 U.S. Bank Tower
33%
NYC, 1,428 ft. 2021 111 West 57th Street
25%
NYC, 1,270 ft. 2019 30 Hudson Yards
25%
NYC, 978 ft. 2013 4 World Trade Center
25%
Houston, 1,002 ft. 1982 JPMorgan Chase Tower
25%
NYC, 1,401 ft. 2020 One Vanderbilt
25%
NYC, 1,066 ft. 2022 The Brooklyn Tower
25%
Chicago, 850 ft. 1969 Chase Tower
17%
Philadelphia, 971 ft. 2008 Comcast Center
17%
Philadelphia, 1,121 ft. 2018 Comcast Technology Center
17%
Cleveland, 948 ft. 1991 Key Tower
17%
NYC, 1,004 ft. 2014 One57
17%
Chicago, 1,388 ft. 2009 Trump International Hotel And Tower
17%
Houston, 992 ft. 1983 Wells Fargo Plaza
17%
Los Angeles, 1,100 ft. 2017 Wilshire Grand Center
17%
NYC, 996 ft. 2022 1 Manhattan West
8%
NYC, 950 ft. 2020 220 Central Park South
8%
NYC, 1,388 ft. 2025 270 Park Avenue
8%
NYC, 935 ft. 2022 2 Manhattan West
8%
Chicago, 961 ft. 1990 311 South Wacker Drive
8%
NYC, 1,000 ft. 2019 35 Hudson Yards
8%
NYC, 927 ft. 1930 40 Wall Street
8%
NYC, 981 ft. 2022 50 Hudson Yards
8%
NYC, 1,001 ft. Incomplete 520 Fifth Avenue
8%
NYC, 1,050 ft. 2019 53W53
8%
NYC, 952 ft. 1932 70 Pine Street
8%
Chicago, 1,128 ft. 1969 875 North Michigan Avenue
8%
Chicago, 1,136 ft. 1973 Aon Center Chicago
8%
Atlanta, 1,023 ft. 1992 Bank Of America Plaza Atlanta
8%
Oklahoma City, 844 ft. 2012 Devon Energy Center
8%
Chicago, 1,007 ft. 1989 Franklin Center
8%
Minneapolis, 792 ft. 1973 IDS Center
8%
NYC, 808 ft. 1963 MetLife Building
8%
Chicago, 974 ft. 2022 One Chicago East Tower
8%
Philadelphia, 945 ft. 1987 One Liberty Place
8%
NYC, 847 ft. 2019 One Manhattan Square
8%
Dallas, 886 ft. 1974 Renaissance Tower
8%
San Francisco, 1,070 ft. 2018 Salesforce Tower San Francisco
8%
Chicago, 1,198 ft. 2020 St. Regis Chicago
8%
Chicago, 859 ft. 2010 The Aqua Tower
8%
NYC, 1,046 ft. 2007 The New York Times Building
8%
NYC, 1,031 ft. 2022 The Spiral
8%
San Francisco, 853 ft. 1972 TransAmerica Pyramid
8%
Philadelphia, 848 ft. 1990 Two Liberty Place
8%
Chicago, 995 ft. 1990 Two Prudential Plaza
8%
Austin, 1,025 ft. Incomplete Waterline
8%
NYC, 792 ft. 1913 Woolworth Building
8%
Chicago, 805 ft. 2023 1000M
0%
NYC, 878 ft. 2016 10 Hudson Yards
0%
Chicago, 817 ft. 2020 110 North Wacker Drive
0%
NYC, 788 ft. 2018 111 Murray Street
0%
NYC, 912 ft. Incomplete 125 Greenwich Street
0%
NYC, 805 ft. 2022 126 Madison Avenue
0%
NYC, 914 ft. 2019 15 Hudson Yards
0%
San Francisco, 802 ft. 2018 181 Fremont
0%
Boston, 790 ft. 1976 200 Clarendon Street
0%
NYC, 860 ft. 2025 262 Fifth Avenue
0%
NYC, 813 ft. 1961 28 Liberty Street
0%
NYC, 850 ft. 1933 30 Rockefeller Plaza
0%
NYC, 860 ft. 2022 425 Park Avenue
0%
NYC, 809 ft. 1999 4 Times Square
0%
NYC, 821 ft. 2016 56 Leonard Street
0%
NYC, 806 ft. 2005 731 Lexington Avenue
0%
NYC, 870 ft. 2011 8 Spruce Street
0%
Chicago, 869 ft. 1989 900 North Michigan Avenue
0%
Jersey City, 889 ft. 2019 99 Hudson Street
0%
Los Angeles, 858 ft. 1973 Aon Center Los Angeles
0%
Miami, 821 ft. 2022 Aston Martin Residences
0%
Charlotte, 871 ft. 1992 Bank Of America Corporate Center
0%
Dallas, 921 ft. 1985 Bank Of America Plaza Dallas
0%
Philadelphia, 791 ft. 1990 BNY Mellon Center
0%
NYC, 915 ft. 1977 Citigroup Center
0%
NYC, 814 ft. 1987 CitySpire Center
0%
Seattle, 933 ft. 1985 Columbia Center
0%
Miami, 789 ft. 2003 Four Seasons Hotel Miami
0%
NYC, 926 ft. 2016 Four Seasons Hotel New York Downtown
0%
Chicago, 896 ft. 2019 NEMA Chicago
0%
Atlanta, 820 ft. 1987 One Atlantic Center
0%
Chicago, 844 ft. 2019 One Bennett Park
0%
Miami, 868 ft. 2017 Panorama Tower
0%
Chicago, 844 ft. 2000 Park Tower
0%
Seattle, 847 ft. 2020 Rainier Square Tower
0%
Chicago, 835 ft. 2023 Salesforce Tower Chicago
0%
Austin, 875 ft. 2023 Sixth And Guadalupe
0%
NYC, 847 ft. 2022 Sutton 58
0%
NYC, 803 ft. 2019 The Centrale
0%
NYC, 811 ft. 2024 The Orchard
0%
Atlanta, 871 ft. 1992 Truist Plaza
0%
NYC, 861 ft. 2001 Trump World Tower
0%
Pittsburgh, 841 ft. 1970 U.S. Steel Tower
0%
Chicago, 859 ft. 1976 Water Tower Place
0%
Houston, 901 ft. 1983 Williams Tower
0%
No matching quizzes found
Score Distribution
Percent of People with Each Score
Percentile by Number Answered
Your Score History
You have not taken this quiz